Η κοινωνική ιστορία του Πειραιά : η συγκρότηση της αστικής τάξης, 1860-1910
Αποθηκεύτηκε σε:
| Κύριος συγγραφέας: | |
|---|---|
| Μορφή: | Βιβλίο |
| Γλώσσα: | Greek |
| Δημοσίευση: |
Αθήνα :
Νεφέλη,
2006
|
| Σειρά: | Ιστορία (Νεφέλη)
|
| Θέματα: | |
| Ετικέτες: |
Προσθήκη ετικέτας
Δεν υπάρχουν, Καταχωρήστε ετικέτα πρώτοι!
|
MARC
| LEADER | 00000cam a2200000 i 4500 | ||
|---|---|---|---|
| 001 | 1/28796 | ||
| 008 | 060505s2006 gr | ||| |||| ||gre|| | ||
| 020 | |a 9602117869 | ||
| 035 | |l 10083743 | ||
| 040 | |a GR-MY-UA |b gre |e aacr | ||
| 041 | 0 | |a gre | |
| 082 | 0 | |a 938.913 |2 (22) | |
| 100 | 1 | |a Γιαννιτσιώτης, Γιάννης. | |
| 245 | 1 | 2 | |a Η κοινωνική ιστορία του Πειραιά : |b η συγκρότηση της αστικής τάξης, 1860-1910 / |c Γιαννιτσιώτης Γιάννης |
| 260 | |a Αθήνα : |b Νεφέλη, |c 2006 | ||
| 300 | |a 444 σ.; |c 24 εκ. | ||
| 490 | 1 | |a Νεφέλη/Ιστορία | |
| 504 | |a Περιέχει βιβλιογραφία και ευρετήριο | ||
| 651 | 0 | |a Piraeus (Greece) |x Social conditions |y 19th century. | |
| 651 | 0 | |a Piraeus (Greece) |x Economic conditions |y 19th century. | |
| 830 | 0 | |a Ιστορία (Νεφέλη) | |
| 852 | |a INST |b LESVOS |e 20060505 |h 938.913 ΓΙΑ |p 005100035919 |q 005100035919 |t BK |y 0 | ||
| 852 | |a INST |b LESVOS |e 20061207 |h 938.913 ΓΙΑ |p 005100037444 |q 005100037444 |t BK |y 0 | ||
| 901 | |a BIBL1-2006-2 | ||
| 901 | |a BIBL1-2006-3 | ||
| 909 | |a Λ |b 126469 | ||
| 909 | |a Λ |b 131965 | ||
| 970 | |a ΚΑΜΑΤΣΟΥ |b ΔΕΣΠΟΙΝΑ |z 2006/05/05 | ||